000 00341nam a2200133Ia 4500
008 240624s9999 xx 000 0 und d
041 _aeng
082 _a363.700922 GRA
100 _aGRAHAM KEVIN
245 _aENVIRONMENTAL HEROES SUCCESS STORIES OF
260 _c2000
_aNew Delhi
_bMacmillan
300 _aix, : 244 : cm. ; 21
365 _cRS
999 _c2142
_d2142